Communes limitrophes à Strasbourg - Statistiques

Statistiques générales
  • Ce quiz a été pris 24 fois
  • Le résultat moyen est 5 sur 10
Statistiques - réponses
Population Communes % Correct
34 382 Schiltigheim
96%
20 683 Lingolsheim
74%
18 289 Bischheim
70%
11 413 Hoenheim
70%
27 339 Illkirch Graffenstaden
70%
7 237 Eckbolsheim
39%
5 652 Oberhausbergen
39%
13 492 Ostwald
39%
5 879 La Wantzenau
22%
5 847 Eschau
17%
Aucun quiz correspondant
Distribution des résultats
% des personnes avec chaque résultat
Percentile par nombre de réponses
Votre historique - résultats
Vous n’avez pas pris ce quiz